Citations de Politiques Français - Statistiques

Statistiques générales
  • Ce quiz a été pris 230 fois
  • Le résultat moyen est 8 sur 15
Statistiques - réponses
Début de la réplique Suite de la réplique % Correct
JEANNE!... ...AU SECOURS!
82%
La République... ...C'est moi!
78%
Parce que.... ...C'est notre projet!
76%
C'est de la poudre... ...de Perlimpimpin.
73%
MOI? MOI? MOI?... ...Mais qui elle est celle-là?
64%
Be you!... ...Be proud of you!
61%
Ils sont dans les campagnes, dans les villes.... ...Ils sont sur les réseaux sociaux.
57%
Rien de tel qu'une femme... ...pour faire le ménage!
56%
Il faut un cap clair.... ... On va pas refaire la NUPES là.
47%
Mon cochon préféré? C'est une petite cochonne... ...C'est mon épouse!
43%
Elle est où la Silicone Valley en Seine-Saint-Denis?... ...C'est plutôt la Silicone voilée, non?
41%
Est-ce que oui ou non vous avez demandé à Gabriel Attal si vous alliez faire de son chien... ...un kebab.
32%
- Et quand il y a des enfants adoptés, comme moi je le suis d'ailleurs... ... - Et bah dites-donc quelle trouvaille!
30%
C'est le mot de Richelieu... ...HIN!
30%
- On a pas élevé les cochons ensembles alors respecte un peu... ... - Mais c'est toi le cochon!
19%
Aucun quiz correspondant
Distribution des résultats
% des personnes avec chaque résultat
Percentile par nombre de réponses
Votre historique - résultats
Vous n’avez pas pris ce quiz